Invisible Countries of South America Quiz Stats

Quiz Updated May 15, 2016

Challenge
Share
Tweet
Embed
Score 0/12 Timer 01:00
9 Plays Today
% Correct
Brazil
98.1%
Argentina
96.6%
Chile
95.2%
Peru
92.3%
Paraguay
91.7%
Uruguay
91.4%
Colombia
90.7%
Venezuela
87.2%
Bolivia
86%
Ecuador
85.4%
Suriname
81.1%
Guyana
81%

You're not logged in!

Compare scores with friends on all Sporcle quizzes.
Sign Up with Email
OR
Log In

You Might Also Like...

Show Comments

Extras

Top Quizzes Today


Score Distribution

Your Account Isn't Verified!

In order to create a playlist on Sporcle, you need to verify the email address you used during registration. Go to your Sporcle Settings to finish the process.